000 00510nam a2200169Ia 4500
008 230718s9999 xx 000 0 und d
020 _a9789811932182
041 _aeng
082 _a363.69
_bMAL
100 _aMallik A.
_9203197
245 _aDigital Hampi
_bPreserving Indian Cultural Heritage
260 _c2022
_bSpringer
300 _a403
365 _cRs.
_b1995.00
700 _aMallik A.; Chaudhary S.; Chandru V. & Srinivasan S.
_9203198
906 _dO:0760712-Nov-2022B:IN39910-Oct-2022
_cTC
_b498.75
999 _c352970
_d352970